000 00343pab a2200145 454500
008 180718b1999 xxu||||| |||| 00| 0 eng d
100 _aYach, Dianna M.
245 _aRevisiting democratic policing in action
260 _c1999
300 _ap.296-310
362 _aOct-Dec
650 _aPolice
773 _aPolice Journal
909 _a42923
999 _c42923
_d42923